ARRUPE JESUIT UNIVERSITY

CORONAVIRUS -STOP THE SPREAD - CLEAN,DISINFECT,COVER

Dearest Mama: (Record no. 130207)

MARC details
000 -LEADER
fixed length control field 01261cam a22003131 4500
001 - CONTROL NUMBER
control field 2665948
003 - CONTROL NUMBER IDENTIFIER
control field ARRUPE
005 - DATE AND TIME OF LATEST TRANSACTION
control field 20200129102311.0
008 - FIXED-LENGTH DATA ELEMENTS--GENERAL INFORMATION
fixed length control field 700316s1968 enkacfj 000 0 eng
010 ## - LIBRARY OF CONGRESS CONTROL NUMBER
LC control number 72354167
015 ## - NATIONAL BIBLIOGRAPHY NUMBER
National bibliography number B68-20452
020 ## - INTERNATIONAL STANDARD BOOK NUMBER
International Standard Book Number 0237444100
040 ## - CATALOGING SOURCE
Original cataloging agency DLC
Transcribing agency DLC
Modifying agency DLC
050 00 - LIBRARY OF CONGRESS CALL NUMBER
Classification number DA552
Item number .D44
082 00 - DEWEY DECIMAL CLASSIFICATION NUMBER
Classification number 941.081/0924
300 ## - PHYSICAL DESCRIPTION
Other physical details 31 plates, illus., geneal. tables, ports.
Dimensions 23 cm.
100 0# - MAIN ENTRY--PERSONAL NAME
Personal name Victoria,
Titles and other words associated with a name Queen of Great Britain,
Dates associated with a name 1819-1901.
9 (RLIN) 48982
245 10 - TITLE STATEMENT
Title Dearest Mama:
Remainder of title letters between Queen Victoria and the Crown Princess of Prussia 1861-1864;
Statement of responsibility, etc edited by Roger Fulford.
260 ## - PUBLICATION, DISTRIBUTION, ETC. (IMPRINT)
Place of publication, distribution, etc London,
Name of publisher, distributor, etc Evans Bros.,
Date of publication, distribution, etc 1968.
300 ## - PHYSICAL DESCRIPTION
Extent xvi, 372 p.
350 ## - PRICE (NR) (BK AM CF MU VM SE) [OBSOLETE]
Price 63/-
600 00 - SUBJECT ADDED ENTRY--PERSONAL NAME
Personal name Victoria,
Titles and other words associated with a name Queen of Great Britain,
Dates associated with a name 1819-1901
General subdivision Correspondence.
9 (RLIN) 49012
600 00 - SUBJECT ADDED ENTRY--PERSONAL NAME
Personal name Victoria,
Titles and other words associated with a name Empress, consort of Frederick III, German Emperor,
Dates associated with a name 1840-1901
General subdivision Correspondence.
9 (RLIN) 49127
650 #0 - SUBJECT ADDED ENTRY--TOPICAL TERM
Topical term or geographic name as entry element Princesses
Geographic subdivision Germany
-- Prussia
General subdivision Correspondence.
9 (RLIN) 49128
650 #0 - SUBJECT ADDED ENTRY--TOPICAL TERM
Topical term or geographic name as entry element Queens
Geographic subdivision Great Britain
General subdivision Correspondence.
9 (RLIN) 49014
700 0# - ADDED ENTRY--PERSONAL NAME
Personal name Victoria,
Titles and other words associated with a name Empress, consort of Frederick III, German Emperor,
Dates associated with a name 1840-1901.
9 (RLIN) 49129
700 1# - ADDED ENTRY--PERSONAL NAME
Personal name Fulford, Roger,
Dates associated with a name 1902-
Relator term ed.
9 (RLIN) 49130
906 ## - LOCAL DATA ELEMENT F, LDF (RLIN)
a 7
b cbc
c orignew
d u
e ncip
f 19
g y-gencatlg
942 ## - ADDED ENTRY ELEMENTS (KOHA)
Source of classification or shelving scheme Library of Congress Classification
Koha item type Monograph ( Printed materials)
Holdings
Withdrawn status Lost status Source of classification or shelving scheme Damaged status Not for loan Collection code Home library Current library Shelving location Date acquired Total Checkouts Full call number Barcode Date last seen Price effective from Koha item type
    Library of Congress Classification     Main Collection ARRUPE LIBRARY ARRUPE LIBRARY Main Collection 29/01/2020   DA552 .D44 46600006286 29/01/2020 29/01/2020 Monograph ( Printed materials)

 

Arrupe Library. PO Box MP320 Mt Pleasant, Harare, Zimbabwe
263 242 745411|librarian@aju.ac.zw